| 000 | 01524cam a22004217a 4500 | ||
|---|---|---|---|
| 003 | CHAP | ||
| 005 | 20220817043847.0 | ||
| 008 | 010926d mx r 00110 spa d | ||
| 010 | _a86354 | ||
| 011 | _a87326 | ||
| 020 | _a9290433191 | ||
| 035 | _a97869 | ||
| 040 | _cCHAP | ||
| 090 | _aFolleto 16488 | ||
| 100 | 0 | 0 |
_aSackville Hamilton, N.R. _9101140 |
| 245 | 1 | 0 |
_aRegeneration of accessions in seed collections : _ba decision guide _c/by N.R. Sackville Hamilton and K.H. Chorlton |
| 260 |
_aRome : _bInternational Plant Genetic Resources Institute, _c1997. |
||
| 300 |
_a75 p. : _bilus. +1 poster |
||
| 410 | 0 | 0 | _aInternational Plant Genetic Resources Institute |
| 490 | 0 |
_aHandbook for genebanks _v; 5 |
|
| 500 | _a(Incluye un poster acompañando el Manual para el Banco de Genes No. 5) | ||
| 590 |
_aBATCH-UPD _b10 _c20130110 _lUCH01 _h0520 |
||
| 590 |
_aBATCH-UPD _b10 _c20130110 _lUCH01 _h2346 |
||
| 590 |
_aBATCH-UPD _b10 _c20130410 _lUCH01 _h0159 |
||
| 590 |
_aBATCH-UPD _b10 _c20130914 _lUCH01 _h1542 |
||
| 590 |
_aCONVERSION _b10 _c20130109 _lUCH01 _h1348 |
||
| 650 | 1 | 4 |
_aGermoplasma. _947766 |
| 650 | 1 | 4 |
_aRecursos genéticos. _995078 |
| 650 | 1 | 4 |
_aSemillas _xCalidad. _9103881 |
| 650 | 1 | 4 |
_aSemillas _xMejoramiento. |
| 700 | 0 | 0 |
_aChorlton, K.H. _922882 |
| 810 | 0 | 0 |
_aInternational Plant Genetic Resources Institute _959768 |
| 830 | 0 | 0 |
_aHandbook for genebanks _v; 5 _952499 |
| 901 | _aBK | ||
| 905 | _aAlejandra Carrasco M. | ||
| 942 | _cFOLL | ||
| 949 |
_aFolleto 16488 _bBC _cFOLL _d978691 _eTS1 _i97869 _sb |
||
| 999 |
_c86354 _d86354 |
||